000 00993nam a2200265Ia 4500
003 OSt
005 20220918112006.0
006 a|||||r|||| 00| 0
007 ta
008 220915b |||||||| |||| 00| 0 hin d
020 _a9788180313370 (hbk)
024 _a253063
037 _b389ए 29ध्01ध्2009ए टंदप च्तंांेींद
037 _cTextbook
040 _bhin
_aARTS
_cARTS
041 _ahin
082 _aO152,1N08x, P8
100 _aरामधारी सिंह दिनकर
_99460
245 0 _aरश्मिमाला
246 _aDarpaṇ man kā: sanvedanā aur shilpa
260 _aइलाहाबाद
_bलोकभारती प्रकाशन भारत
_c2008
300 _a311पृ0
_ccm.
942 _hO152,1N08x, P8
_cTB
_2CC
999 _c117750
_d117750